| 000 | 00692nam a2200193 a 4500 | ||
|---|---|---|---|
| 003 | 0 | ||
| 005 | 20250410110602.0 | ||
| 008 | 071121s19uu xx uuu eng d | ||
| 050 |
_aPHS TP 1120.P5 _b.B35 2007 |
||
| 100 | _aBalibalos, Rain Aga P. | ||
| 245 |
_aPeanut (Arachis hypogaea) shell as additive to corn starch-based plastic / _cRain Aga P. Balibalos. |
||
| 260 |
_aLas PiƱas City, Philippines : _bSouthville International School and Colleges, _c2007. |
||
| 300 |
_a28 pages ; _c28 cm. |
||
| 504 | _aIncludes bibliographical references. | ||
| 650 | _aBiodegradable plastics. | ||
| 650 |
_aPeanut _xBy-products. |
||
| 650 |
_aCornstarch _xIndustrial applications. |
||
| 942 |
_2lcc _cPASS |
||
| 999 |
_c97795 _d97795 |
||